Κατάλογος Βιβλιοθηκών Mediterranean College

Managerial Economics / Fifth Edition (Record no. 824)

MARC details
000 -LEADER
fixed length control field 02287cam a22002294a 4500
005 - ΗΜΕΡΟΜΗΝΙΑ ΚΑΙ ΩΡΑ ΤΕΛΕΥΤΑΙΑΣ ΕΝΗΜΕΡΩΣΗΣ
Πεδίο ελέγχου 20250605163947.0
008 - FIXED-LENGTH DATA ELEMENTS--GENERAL INFORMATION
Πεδίο ελέγχου σταθερού μήκους 250528s ||||||||||||||||||||||||d
035 ## - SYSTEM CONTROL NUMBER
System control number 15230
020 ## - ISBN
ISBN 314465529
040 ## - ΠΗΓΗ ΚΑΤΑΛΟΓΟΓΡΑΦΗΣΗΣ
Φορέας πρωτότυπης καταλογογράφησης MC Athens Campus Library
Γλώσσα καταλογογράφησης Ελληνικά, Μοντέρνα (1453-)
Modifying agency MC Athens Campus Library
Κανόνες περιγραφικής καταλογογράφησης AACR2
245 1# - ΤΙΤΛΟΣ ΚΑΙ ΔΗΛΩΣΗ ΥΠΕΥΘΥΝΟΤΗΤΑΣ
Τίτλος Managerial Economics / Fifth Edition
250 ## - EDITION STATEMENT
Edition statement 5th
260 ## - PUBLICATION, DISTRIBUTION, ETC.
Name of publisher, distributor, etc. West Publishing Company,
Date of publication, distribution, etc. 1989
300 ## - PHYSICAL DESCRIPTION
Extent 768
505 0# - FORMATTED CONTENTS NOTE
Formatted contents note Preface, Introduction and Goals of the Firm, Fundamental Economic Concepts, Decision Making under Risk and Uncertainty, Tools of Analysis, Classical Optimization Techniques, Linear Programming, Econometrics, Theory of Demand, Empirical Estimation of Demand, Business and Economic Forecasting, Forecasting: Additional Topics, Production and Cost, Theory of Production, Theory of Cost, Empirical Determination of Production and Cost Functions, Pricing and Output Decisions, Price and Output Determination: Pure Competition and Monopolistic Competition and Monopoly, Price and Output Determination: Oligopoly, Further Topics in Pricing, Capital Budgeting and the Cost of Capital, Cost-Benefit Analysis and Public Sector Management, Government Responses to Market Failure, Government Regulation and Support of the Private Sector, Public Utility Regulation, Appendices, Index.
520 ## - SUMMARY, ETC.
Summary, etc. Preface, Introduction and Goals of the Firm, Fundamental Economic Concepts, Decision Making under Risk and Uncertainty, Tools of Analysis, Classical Optimization Techniques, Linear Programming, Econometrics, Theory of Demand, Empirical Estimation of Demand, Business and Economic Forecasting, Forecasting: Additional Topics, Production and Cost, Theory of Production, Theory of Cost, Empirical Determination of Production and Cost Functions, Pricing and Output Decisions, Price and Output Determination: Pure Competition and Monopolistic Competition and Monopoly, Price and Output Determination: Oligopoly, Further Topics in Pricing, Capital Budgeting and the Cost of Capital, Cost-Benefit Analysis and Public Sector Management, Government Responses to Market Failure, Government Regulation and Support of the Private Sector, Public Utility Regulation, Appendices, Index.
700 1# - ΠΡΟΣΘΕΤΗ ΑΝΑΓΡΑΦΗ--ΦΥΣΙΚΟ ΠΡΟΣΩΠΟ
Personal name Mcguigan R. James
9 (RLIN) 1117
700 1# - ΠΡΟΣΘΕΤΗ ΑΝΑΓΡΑΦΗ--ΦΥΣΙΚΟ ΠΡΟΣΩΠΟ
Personal name Moyer Charles R
9 (RLIN) 1118
942 ## - ADDED ENTRY ELEMENTS (KOHA)
Koha item type Books
Holdings
Τύπος τεκμηρίου Βιβλιοθήκη Τρέχουσα τοποθεσία Barcode Αριθμός εισαγωγής Ημερομηνία απόκτησης Ταξιθετικό σύμβολο Αριθμός αντιτύπου Κατάσταση απόσυρσης Κατάσταση χαμένου Κατάσταση κατεστραμμένου Μη δανεισμός Σύνολο δανεισμών Ημερομηνία τελευταίας εμφάνισης Η τιμή ισχύει από
Books MC Athens Campus Library MC Athens Campus Library 9780000008237 1467 05/06/2025 658.4 MCG 1           05/06/2025 05/06/2025

MC Athens Campus Library
Πατησίων 94 & Κοδριγκτώνος 13, 104 34
Πελλήνης 8 & Πατησίων 107, 112 51
Τ: +30 210 8899600

MC Thessaloniki Campus Library
Ίωνος Δραγούμη 21, 54625 | Ίωνος Δραγούμη 15, 54625
Τ: +30 2310 287779 – Τ: +30 2314 440300